| 000 | 00643nam a22002057a 4500 | ||
|---|---|---|---|
| 003 | koha_MIRAKIL | ||
| 005 | 20250103132540.0 | ||
| 008 | 250103b |||||||| |||| 00| 0 ||| d | ||
| 020 | _a9786051883960 | ||
| 040 |
_aTR-IsEVY _btur _cTR-IsEVY |
||
| 082 | _aFIC IWA/C | ||
| 100 | _aIwasa, Megumi | ||
| 245 | 0 |
_aCanı sıkılan zürafa mektup yazıyor ! / _cMegumi Iwasa ; resimleyen Jun Takabatake. |
|
| 250 | _a7. bs. | ||
| 260 |
_aİstanbul : _bBeyaz Balina Yayınları , _c2024. |
||
| 300 |
_a102 s. : _bresimli ; _c19 cm. |
||
| 650 |
_aÇocuk edebiyatı. _vÇocuk Romanı. |
||
| 700 | 1 |
_aTakabatake, Jun. _cresimleyen. |
|
| 942 |
_2ddc _cBK |
||
| 999 |
_c21270 _d21270 |
||